1966 1793 1891 1174 1016 1912 1749 1177 1060 1721 1212 1521 1938 1913 1250 1398 1924 1922 1604 1929 1888 1863 1598 1854 1496 1047 1688 1675 1786 1713 1218 1251 1302 1956 1268 1526 1725 1794 1428 1981 1221 1632 1596 1535 1894 1417 1360 1254 1842 1569 1093 1266 1483 1141 1707 1835 1150 1838 1773 1127 1621 1778 1212 1644 1240 1164 1307 1153 1490 1702 1418 1125 1002 1314 1335 1440 1986 1938 1249 1252 1794 1825 1847 1892 1273 1534 1130 1258 1621 1907 1014 1914 1565 1198 1432 1304 1868 1327 1106 BCNSPRNW ULIB Ver.6.0+V

เปลี่ยนเป็นภาษาไทย

Change to English
 แสดงรายละเอียดบรรณานุกรม
  กลับหน้าหลัก

Brief Record : Get Marc (ISO 2709) : E-mail record : QR code < ปิดหน้าต่าง
LEADER : 00000nam 2200000uu 4500
001    13399120337
003     ULIB
008    120918s2547||||th 000 0 tha d
020    ^a9742762759
060  4 ^aWB615^bพ720ส^c2547
100    ^aพิมพร ลีลาพรพิสิฐ
245    ^aสุคนธบำบัด /^bพิมพร ลีลาพรพิสิฐ
260    ^aกรุงเทพมหานคร :^bโอ.เอส พริ้นติ้ง เฮ้าส์ ,^c2547
300    ^a160 หน้า :^b30 ซม.
650    ^aการนวด
945    ^p250^l0^i017815
999    ^aทศพร
รายการนี้ยังไม่มีแท็ก
คุณยังไม่ได้ล็อกอิน คุณสามารถมีกิจกรรมร่วมกับเว็บไซต์ได้ แต่ต้องล็อกอินก่อน ::
  ล็อกอิน

รายการสื่อสารสนเทศ

ลำดับที่ ประเภท เลขเรียก/บาร์โค้ด สถานที่ สถานะ
1. วิทยาศาสตร์การแพทย์ และสุขภาพ
วิทยาศาสตร์การแพทย์ และสุขภาพ
WB615 พ720ส 2547 ฉ.1 
  Barcode: 017815
ห้องสมุดวิทยาเขตสวรรค์ประชารักษ์
►หนังสือทั่วไป
บนชั้น

รายการใกล้เคียง
    หัวเรื่อง [การนวด]

BibComment


ยังไม่เคยถูกคอมเมนท์

คอมเมนท์ทรัพยากรรายการนี้
  คอมเมนท์: สุคนธบำบัด พิมพ..


 Copyright 2026. Bcnsprnw @Library